Statistics for Danmarks største øer (med kort)

Click here to take the quiz!

General Stats

  • This quiz has been taken 356 times
  • The average score is 17 of 26

Answers on the Map

Answers color-coded by a green-red scale on the quiz's map according to % correct below.
Loading ...
">
 

Answer Stats

Størrelse Svar % Correct
7.049 km2Sjælland
99%
2.989 km2Fyn
99%
589 km2Bornholm
97%
1.245 km2Lolland
93%
514 km2Falster
91%
284 km2Langeland
91%
112 km2Samsø
88%
96 km2Amager
84%
113 km2Læsø
83%
22 km2Anholt
80%
88 km2Ærø
74%
218 km2Møn
73%
60 km2Fanø
73%
311 km2Als
72%
360 km2Mors
70%
87 km2Rømø
69%
70 km2Tåsinge
50%
4.674 km2Nørrejyske Ø
47%
17 km2Saltholm
45%
22 km2Fur
39%
13 km2Endelave
29%
11 km2Femø
29%
17 km2Fejø
28%
15 km2Orø
25%
14 km2Bogø
24%
13 km2Sejerø
23%

Score Distribution

Percentile by Number Answered

Percent of People with Each Score

Your Score History

You have not taken this quiz